000 00431nam a2200181Ia 4500
001 10836
005 20260306161901.0
008 260306t2016||||xx |||||||||||||| ||spa||
041 _aESP
082 _a974
_bG77
100 _aGraulich, Michael
_eAUT
245 0 _aEl sacrificio humano entre los aztecas
260 _c2016
300 _a477 páginas :
_c21 cm.
650 _aGEN
654 _aCHU
942 _cLIB
_dJUS
_fJUS
_2ddc
_n
999 _c10836
_d10836